Three-Word Crayola Crayons Quiz Stats

Quiz Updated Nov 15, 2017

Also try: 16 Crayon Colors
Challenge
Share
Tweet
Score 0/9 Timer 02:00
5 Plays Today
% Correct
Granny
96.1%
Macaroni
95.4%
Tickle
89.7%
Robin's
86.3%
Tropical
85.1%
Fuzzy
81.6%
Razzle
79.8%
Purple
75.6%
Wild
70.4%

You're not logged in!

Compare scores with friends on all Sporcle quizzes.
Sign Up with Email
OR
Log In

You Might Also Like...

Show Comments

Extras

Top Quizzes Today


Score Distribution

Your Account Isn't Verified!

In order to create a playlist on Sporcle, you need to verify the email address you used during registration. Go to your Sporcle Settings to finish the process.